00353nam a2200133Ia 4500003000900000008004100009040001300050040001300063100003400076245008300110260001200193300000800205490000600213IT-RoPAU120407s9999 xx 000 0 und d aIT-RoPAU cIT-RoPAU aGian Ludovico Masetti Zannini aMotivi storici della educazione femminile. Scienza, lavoro, giuochi (vol. II) aD'Auria c cm v1